000 00822nam a2200229Ia 4500
001 L223-4973
003 IT-CnALBA
008 170116s9999||||xx |||||||||||||| ||und||
040 _aIT-CnALBA
_cIT-CnALBA
041 _aITALIANO
100 _aGHIDELLI CARLO, SAC.
245 0 _aPAROLE COME FRECCE.
250 _a1a ed.
260 _aCINISELLO BALSAMO (MI)
_bEDIZIONI PAOLINE
_c1991 [1° Ed.:1991 - Ed.Ling.Originale: 1991]
300 _a174 p.
500 _aLETTURA DI QOELET. QOELET E L'ANTICO TESTAMENTO. RIFLESSIONI 45 '
501 _aSocietà San Paolo EM - Piazza San Paolo, 14 - 12051 ALBA (CN) (non commercial uses only) ® Copyright 2017
520 _aLETTURA DI QOELET. QOELET E L'ANTICO TESTAMENTO. RIFLESSIONI 45 '
650 _aLIBRI POETICI ANTICO TESTAMENTO
942 _cBK
957 _71
999 _a5956
_bNO
_g Copie: 1
_c264164
_d264164